[Event "57th Hoogovens it"]
[Site "Wijk aan Zee NED"]
[Date "1995.01.??"]
[Round "1.1"]
[White "Timman, Jan"]
[Black "Delemarre, Jop"]
[Result "1/2-1/2"]
[WhiteElo "2635"]
[BlackElo "2235"]
[EventDate "1995.01.12"]
[PlyCount "84"]

1. e4 g6 2. d4 Bg7 3. Nf3 d6 4. Bc4 Nf6 5. Qe2 O-O 6. O-O Bg4 7. Rd1 Nc6 8. h3 Bxf3 9. Qxf3 e5 10. c3 Qe8 11. Bg5 Nd7 12. Qe3 Kh8 13. Na3 a6 14. Bd5 Nb6 15. Bxc6 Qxc6 16. d5 Qa4 17. Be7 f5 18. Bxf8 Rxf8 19. c4 Nd7 20. Qb3 Qxb3 21. axb3 Nc5 22. b4 Nb3 23. Ra2 fxe4 24. Nb1 Bh6 25. Ra3 Nd4 26. Nc3 e3 27. fxe3 Nc2 28. Rd3 Nxe3 29. Ra1 Nxc4 30. b3 Nd2 31. Rd1 Nxb3 32. Rf1 Rf5 33. Ne2 Rxf1+ 34. Kxf1 Nd2+ 35. Kf2 Ne4+ 36. Kf3 Nf6 37. Nc3 Nd7 38. Ne4 Nb6 39. Nf6 Bg5 40. Ne4 Bd8 41. g4 Bh4 42. Rd1 h6 1/2-1/2

[Event "57th Hoogovens it"]
[Site "Wijk aan Zee NED"]
[Date "1995.01.??"]
[Round "1.2"]
[White "Delemarre, Jop"]
[Black "Timman, Jan"]
[Result "1/2-1/2"]
[WhiteElo "2235"]
[BlackElo "2635"]
[EventDate "1995.01.12"]
[PlyCount "121"]

1. d4 Nf6 2. c4 e6 3. Nf3 b6 4. a3 c5 5. d5 Ba6 6. Qc2 exd5 7. cxd5 g6 8. Nc3 Bg7 9. g3 O-O 10. Bg2 d6 11. O-O Nbd7 12. h3 b5 13. Re1 Re8 14. e4 Qb6 15. Be3 Rac8 16. Bf1 Qb7 17. Bf4 Bf8 18. Qd2 c4 19. Bh6 Ne5 20. Nxe5 Bxh6 21. Qxh6 Rxe5 22. Qd2 Qb6 23. Qe3 Qxe3 24. Rxe3 Nd7 25. Rae1 Re7 26. f4 f6 27. Bg2 Kg7 28. Ne2 Nc5 29. Nd4 Nd3 30. Rb1 Rce8 31. b4 f5 32. Ne6+ Kf6 33. exf5 gxf5 34. Bf1 Bb7 35. Bxd3 Bxd5 36. Bxf5 Bxe6 37. Bc2 Bxh3 38. Rxe7 Rxe7 39. Rd1 Re2 40. Bxh7 Bf5 41. Rxd6+ Ke7 42. Rh6 Bxh7 43. Rxh7+ Kd6 44. Kf1 Ra2 45. Rh5 a6 46. Ke1 Rxa3 47. g4 Rb3 48. g5 c3 49. Kd1 Rxb4 50. Kc2 Rxf4 51. Kxc3 Rc4+ 52. Kb3 Ke7 53. Rh7+ Kf8 54. Ra7 Rc6 55. Kb4 Rg6 56. Ra8+ Ke7 57. Ra7+ Kd8 58. Ka5 Re6 59. Rg7 Ke8 60. Ra7 Kf8 61. Rc7 1/2-1/2

[Event "57th Hoogovens it"]
[Site "Wijk aan Zee NED"]
[Date "1995.01.??"]
[Round "1.3"]
[White "Timman, Jan"]
[Black "Delemarre, Jop"]
[Result "1-0"]
[WhiteElo "2635"]
[BlackElo "2235"]
[EventDate "1995.01.12"]
[PlyCount "61"]

1. e4 g6 2. d4 Bg7 3. Nc3 d6 4. Be3 c6 5. Qd2 Qa5 6. Bd3 Nd7 7. f4 Ngf6 8. Nf3 O-O 9. h3 e5 10. O-O exd4 11. Bxd4 b5 12. a3 a6 13. e5 dxe5 14. fxe5 Ne8 15. b4 Qc7 16. Rae1 Bb7 17. Ne4 Rd8 18. Qc3 Nb6 19. Bc5 Na4 20. Qb3 Nxc5 21. Nxc5 Bc8 22. e6 fxe6 23. Nxe6 Bxe6 24. Qxe6+ Kh8 25. Ne5 Rxf1+ 26. Rxf1 Nd6 27. Rf7 Qb6+ 28. Kh1 Qb8 29. Nxg6+ hxg6 30. Qxg6 Nf5 31. Rxg7 1-0

[Event "57th Hoogovens it"]
[Site "Wijk aan Zee NED"]
[Date "1995.01.??"]
[Round "1.4"]
[White "Delemarre, Jop"]
[Black "Timman, Jan"]
[Result "0-1"]
[WhiteElo "2235"]
[BlackElo "2635"]
[EventDate "1995.01.12"]
[PlyCount "84"]

1. d4 Nf6 2. c4 e6 3. Nf3 d5 4. Nc3 Nbd7 5. Bg5 Be7 6. e3 h6 7. Bh4 Ne4 8. Nxe4 dxe4 9. Bxe7 Qxe7 10. Nd2 f5 11. c5 O-O 12. Rc1 e5 13. d5 Nxc5 14. b4 Nd3+ 15. Bxd3 exd3 16. Qb3 Qf7 17. Qxd3 Rd8 18. O-O Qxd5 19. Qxd5+ Rxd5 20. Nf3 c6 21. Rfd1 Be6 22. Rxd5 Bxd5 23. Nxe5 Bxa2 24. Ra1 Bd5 25. f4 Kf8 26. Ra5 Ke7 27. Ra1 a6 28. h3 b6 29. Rc1 a5 30. bxa5 bxa5 31. g4 fxg4 32. hxg4 a4 33. e4 Bxe4 34. Re1 Bd5 35. Nxc6+ Kd6 36. Nb4 a3 37. Rd1 Ra5 38. Na2 Kc5 39. Rc1+ Kd4 40. Rd1+ Ke3 41. Nb4 a2 42. Ra1 Bb3 0-1

[Event "57th Hoogovens it"]
[Site "Wijk aan Zee NED"]
[Date "1995.01.??"]
[Round "1.1"]
[White "Adams, Michael"]
[Black "Tkachiev, Vladislav"]
[Result "1/2-1/2"]
[WhiteElo "2640"]
[BlackElo "2535"]
[EventDate "1995.01.12"]
[PlyCount "107"]

1. e4 e5 2. Nf3 Nc6 3. Nc3 Nf6 4. Bb5 Nd4 5. Ba4 Bc5 6. Nxe5 O-O 7. Nd3 Bb6 8. e5 Ne8 9. Nd5 d6 10. Ne3 c6 11. O-O Bc7 12. f4 dxe5 13. Nxe5 b5 14. Bb3 Bxe5 15. fxe5 Qg5 16. c3 Nxb3 17. axb3 Qxe5 18. d4 Qe4 19. Qc2 Nf6 20. b4 Re8 21. Qxe4 Rxe4 22. Bd2 a6 23. Rfe1 Be6 24. Nc2 Bf5 25. Ne3 Be6 26. Nf1 Rxe1 27. Bxe1 h6 28. Nd2 Bd5 29. b3 Ne4 30. c4 Nxd2 31. Bxd2 bxc4 32. bxc4 Bxc4 33. Kf2 f6 34. Rc1 Bd5 35. Ra1 Kf7 36. h3 Ke6 37. Re1+ Kd7 38. Ra1 Bc4 39. Rc1 Bb5 40. Re1 h5 41. h4 Rg8 42. g3 Bc4 43. Rc1 Bb5 44. Re1 g5 45. hxg5 fxg5 46. Re5 Rf8+ 47. Kg2 g4 48. Rxh5 Rf3 49. Bf4 Rb3 50. Rg5 Be2 51. Kf2 Bf3 52. Ra5 Rxb4 53. Rxa6 Ke6 54. Be5 1/2-1/2

[Event "57th Hoogovens it"]
[Site "Wijk aan Zee NED"]
[Date "1995.01.??"]
[Round "1.2"]
[White "Tkachiev, Vladislav"]
[Black "Adams, Michael"]
[Result "1/2-1/2"]
[WhiteElo "2535"]
[BlackElo "2640"]
[EventDate "1995.01.12"]
[PlyCount "34"]

1. e4 e5 2. Nf3 Nc6 3. Bc4 Nf6 4. d3 Bc5 5. c3 d6 6. Nbd2 a6 7. Nf1 Ba7 8. Bb3 Be6 9. Ng3 h6 10. d4 Bxb3 11. axb3 O-O 12. O-O Re8 13. Re1 d5 14. exd5 Qxd5 15. c4 Qd6 16. d5 Nd4 17. Be3 Nxf3+ 1/2-1/2

[Event "57th Hoogovens it"]
[Site "Wijk aan Zee NED"]
[Date "1995.01.??"]
[Round "1.1"]
[White "Brodsky, Mikhail"]
[Black "Piket, Jeroen"]
[Result "0-1"]
[WhiteElo "2545"]
[BlackElo "2640"]
[EventDate "1995.01.12"]
[PlyCount "96"]

1. e4 e5 2. Nf3 Nc6 3. Bb5 a6 4. Ba4 Nf6 5. O-O Be7 6. Re1 b5 7. Bb3 d6 8. c3 O-O 9. h3 Na5 10. Bc2 c5 11. d4 Qc7 12. Nbd2 Rd8 13. b3 Bd7 14. d5 g6 15. Nf1 c4 16. b4 Nb7 17. Bg5 a5 18. a3 Ra6 19. Ng3 Rda8 20. Rc1 axb4 21. axb4 Qd8 22. Be3 Ne8 23. Bb1 Ng7 24. Qd2 h5 25. Ne2 f6 26. Ng3 Qe8 27. Nh2 h4 28. Ngf1 g5 29. Ng4 Qg6 30. Qd1 Nd8 31. Bd2 Nf7 32. Qf3 Bd8 33. Nfe3 Nh5 34. g3 Bb6 35. Kh2 hxg3+ 36. fxg3 Kg7 37. Re2 Rh8 38. Rf1 Bxe3 39. Bxe3 Nf4 40. gxf4 gxf4 41. Rg2 Ng5 42. Qe2 Rxh3+ 43. Kg1 Bxg4 44. Qxg4 Rxe3 45. Qd7+ Qf7 46. Qxb5 Qa7 47. Kh1 Rxc3 48. Rh2 Raa3 0-1

[Event "57th Hoogovens it"]
[Site "Wijk aan Zee NED"]
[Date "1995.01.??"]
[Round "1.2"]
[White "Piket, Jeroen"]
[Black "Brodsky, Mikhail"]
[Result "0-1"]
[WhiteElo "2640"]
[BlackElo "2545"]
[EventDate "1995.01.12"]
[PlyCount "80"]

1. d4 Nf6 2. c4 e6 3. Nf3 d5 4. Nc3 c5 5. cxd5 cxd4 6. Nxd4 Nxd5 7. Bd2 Be7 8. e3 O-O 9. Nxd5 Qxd5 10. Qb3 Qxb3 11. axb3 Bd7 12. Bc3 Nc6 13. Nxc6 Bxc6 14. Bd3 Rfd8 15. Ke2 Rd7 16. b4 Rad8 17. b5 Bxg2 18. Rhg1 Rxd3 19. Rxg2 f6 20. Rxa7 R3d7 21. Rg4 Bc5 22. Ra1 Kf7 23. Ba5 Ra8 24. b4 Be7 25. Rc1 e5 26. Rgc4 Ke6 27. Rc8 Rxc8 28. Rxc8 e4 29. b6 Bd6 30. h3 Be5 31. f3 exf3+ 32. Kxf3 f5 33. Re8+ Re7 34. Rd8 g5 35. b5 h5 36. Bb4 g4+ 37. hxg4 hxg4+ 38. Ke2 Rh7 39. Be1 Rh2+ 40. Kd3 Rh8 0-1

[Event "57th Hoogovens it"]
[Site "Wijk aan Zee NED"]
[Date "1995.01.??"]
[Round "1.3"]
[White "Brodsky, Mikhail"]
[Black "Piket, Jeroen"]
[Result "1/2-1/2"]
[WhiteElo "2545"]
[BlackElo "2640"]
[EventDate "1995.01.12"]
[PlyCount "80"]

1. e4 d6 2. d4 g6 3. Nf3 Bg7 4. Be2 Nf6 5. Nc3 O-O 6. O-O c6 7. a4 Qc7 8. a5 Rd8 9. Re1 d5 10. exd5 Nxd5 11. Nxd5 cxd5 12. c3 Nc6 13. a6 bxa6 14. Bxa6 Bxa6 15. Rxa6 e6 16. Qe2 Rdb8 17. b4 Rb6 18. Rxb6 axb6 19. g3 Ne7 20. Bb2 Ra2 21. Ra1 Rxa1+ 22. Bxa1 Qa7 23. Bb2 Qa2 24. Qd2 Nf5 25. Bc1 Qb1 26. Qe1 Nd6 27. Bd2 Qa2 28. Bf4 Ne4 29. Ng5 Nxg5 30. Bxg5 b5 31. Bf4 Qc2 32. h4 h5 33. Qa1 Kh7 34. Bd6 Qd3 35. Bc5 Bh6 36. Qa7 Qb1+ 37. Kg2 Qe4+ 38. Kg1 Qe1+ 39. Kg2 Qe4+ 40. Kg1 Qe1+ 1/2-1/2

[Event "57th Hoogovens it"]
[Site "Wijk aan Zee NED"]
[Date "1995.01.??"]
[Round "1.4"]
[White "Piket, Jeroen"]
[Black "Brodsky, Mikhail"]
[Result "1-0"]
[WhiteElo "2640"]
[BlackElo "2545"]
[EventDate "1995.01.12"]
[PlyCount "91"]

1. d4 Nf6 2. Nf3 e6 3. Bg5 c5 4. e3 Be7 5. Nbd2 b6 6. c3 O-O 7. a4 Ba6 8. Bxa6 Nxa6 9. O-O Nb8 10. Ne5 cxd4 11. exd4 Nc6 12. Nd3 Rc8 13. Qe2 Re8 14. f4 Nd5 15. Bxe7 Ndxe7 16. Rae1 d6 17. Ne4 Qd7 18. Qh5 h6 19. Re3 Nf5 20. Rh3 Qe7 21. Ng3 Qf6 22. Re1 Nxg3 23. Rxg3 Ne7 24. Rh3 Nd5 25. Qf3 Qg6 26. Rg3 Qf5 27. h3 Rc4 28. Ra1 a5 29. Qe2 Rc7 30. Rf3 Nf6 31. g4 Qd5 32. Re3 Rb8 33. Rf1 Qc4 34. g5 Nd5 35. Ref3 hxg5 36. fxg5 Re7 37. Qf2 Qc7 38. Nf4 Nxf4 39. Rxf4 e5 40. Rh4 Re6 41. Qf3 exd4 42. Qh5 Kf8 43. Rhf4 Kg8 44. Rxf7 Qc5 45. Rxg7+ Kxg7 46. Rf7+ 1-0

[Event "57th Hoogovens it"]
[Site "Wijk aan Zee NED"]
[Date "1995.01.??"]
[Round "1.1"]
[White "Nijboer, Friso"]
[Black "Sokolov, Ivan"]
[Result "0-1"]
[WhiteElo "2510"]
[BlackElo "2625"]
[EventDate "1995.01.12"]
[PlyCount "116"]

1. e4 e5 2. Nf3 Nc6 3. Nc3 Nf6 4. Bb5 Bb4 5. O-O O-O 6. d3 Bxc3 7. bxc3 d6 8. Bg5 Qe7 9. Re1 Nd8 10. d4 Ne6 11. Bc1 Rd8 12. Nh4 c6 13. Bf1 Qc7 14. Qf3 d5 15. exd5 e4 16. Rxe4 Nxe4 17. dxe6 Nd6 18. exf7+ Qxf7 19. Bg5 Re8 20. Qxf7+ Nxf7 21. Be3 Be6 22. c4 b6 23. Nf3 Rac8 24. c5 bxc5 25. dxc5 Bd5 26. Nd4 g6 27. Ba6 Rcd8 28. h3 Rd7 29. a4 Nd8 30. Bc8 Rc7 31. Bg4 h5 32. Be2 Ne6 33. Nxe6 Rxe6 34. Rb1 Re8 35. a5 Kf7 36. a6 Rd7 37. Rb2 Re4 38. Bd3 Ra4 39. c3 Bc4 40. Bxc4+ Rxc4 41. Rb7 Ke6 42. Bd4 Ra4 43. Rb8 Rxa6 44. Rg8 Ra1+ 45. Kh2 a5 46. Rxg6+ Kd5 47. g4 hxg4 48. h4 a4 49. h5 a3 50. Rd6+ Rxd6 51. cxd6 Kxd6 52. h6 a2 53. h7 g3+ 54. Kg2 gxf2 55. Bxf2 Rh1 56. Bg3+ Kd5 57. Bh2 a1=Q 58. h8=Q Qg1+ 0-1

[Event "57th Hoogovens it"]
[Site "Wijk aan Zee NED"]
[Date "1995.01.??"]
[Round "1.2"]
[White "Sokolov, Ivan"]
[Black "Nijboer, Friso"]
[Result "1-0"]
[WhiteElo "2625"]
[BlackElo "2510"]
[EventDate "1995.01.12"]
[PlyCount "73"]

1. d4 Nf6 2. Nf3 e6 3. Bg5 h6 4. Bh4 b6 5. e3 Bb7 6. Bd3 Be7 7. Nbd2 O-O 8. c3 d6 9. O-O Nbd7 10. e4 e5 11. Re1 Nh5 12. Bxe7 Qxe7 13. g3 g6 14. a4 a6 15. d5 Ng7 16. Nh4 c6 17. dxc6 Bxc6 18. Nc4 d5 19. exd5 Bxd5 20. Qe2 Rae8 21. Ne3 Bc6 22. Bxa6 e4 23. Bb5 Bxb5 24. axb5 Qe6 25. Qc4 g5 26. Qxe6 fxe6 27. Ng6 Rf7 28. Ng4 Kh7 29. N6e5 Nxe5 30. Nxe5 Rf5 31. Rxe4 Rd8 32. Re2 Rd5 33. Nc6 Rxb5 34. Ra7 Rf6 35. Nd4 Ra5 36. Re7 Ra2 37. Nxe6 1-0

[Event "57th Hoogovens it"]
[Site "Wijk aan Zee NED"]
[Date "1995.01.??"]
[Round "1.1"]
[White "Hulak, Krunoslav"]
[Black "Lutz, Christopher"]
[Result "0-1"]
[WhiteElo "2530"]
[BlackElo "2580"]
[EventDate "1995.01.12"]
[PlyCount "52"]

1. d4 Nf6 2. Nf3 d5 3. c4 e6 4. Nc3 Be7 5. Bg5 h6 6. Bh4 O-O 7. e3 b6 8. Be2 Bb7 9. Bxf6 Bxf6 10. cxd5 exd5 11. b4 c6 12. O-O a5 13. bxa5 Rxa5 14. Qb3 Bc8 15. Na4 Ba6 16. Bxa6 Nxa6 17. Rab1 b5 18. Nb2 c5 19. dxc5 Nxc5 20. Qb4 Ne4 21. Nd4 Bxd4 22. exd4 Rxa2 23. Ra1 Rxa1 24. Rxa1 Qb6 25. f3 Ng5 26. Nd3 Nxf3+ 0-1

[Event "57th Hoogovens it"]
[Site "Wijk aan Zee NED"]
[Date "1995.01.??"]
[Round "1.2"]
[White "Lutz, Christopher"]
[Black "Hulak, Krunoslav"]
[Result "1/2-1/2"]
[WhiteElo "2580"]
[BlackElo "2530"]
[EventDate "1995.01.12"]
[PlyCount "50"]

1. e4 c5 2. Nf3 d6 3. d4 cxd4 4. Nxd4 Nf6 5. Nc3 a6 6. Be3 e6 7. Be2 Be7 8. a4 Nc6 9. O-O O-O 10. f4 Qc7 11. Qe1 Bd7 12. Qg3 d5 13. e5 Ne4 14. Nxe4 dxe4 15. c4 b6 16. Nxc6 Qxc6 17. Qf2 Rab8 18. Rfd1 Rfd8 19. b3 a5 20. Bf1 Be8 21. Rxd8 Rxd8 22. Be2 Bc5 23. Rd1 Rxd1+ 24. Bxd1 f6 25. Bg4 f5 1/2-1/2

[Event "57th Hoogovens it"]
[Site "Wijk aan Zee NED"]
[Date "1995.01.??"]
[Round "1.1"]
[White "Khalifman, Alexander"]
[Black "Van der Werf, Mark"]
[Result "1-0"]
[WhiteElo "2635"]
[BlackElo "2415"]
[EventDate "1995.01.12"]
[PlyCount "135"]

1. Nf3 d5 2. d4 c6 3. c4 e6 4. Qc2 Nf6 5. Bg5 Nbd7 6. e3 Qa5+ 7. Nbd2 Ne4 8. Bf4 Bb4 9. a3 g5 10. Bg3 h5 11. O-O-O Bxa3 12. bxa3 Qxa3+ 13. Qb2 Qxb2+ 14. Kxb2 h4 15. Nxe4 dxe4 16. Bd6 exf3 17. gxf3 f6 18. Rg1 Kf7 19. Be2 b6 20. c5 a5 21. f4 bxc5 22. dxc5 gxf4 23. exf4 Ba6 24. Bf3 Bb5 25. Ka3 Rag8 26. Rxg8 Rxg8 27. Bh5+ Kg7 28. Be7 Nf8 29. Rg1+ Kh7 30. Rxg8 Kxg8 31. Bxf6 Nd7 32. Bd4 Kf8 33. Kb3 Ke7 34. Bf3 Nf6 35. Bc3 a4+ 36. Ka3 Nd5 37. Be5 Kf7 38. Bd1 Ke7 39. Bc2 Kd7 40. f5 exf5 41. Bxf5+ Ke7 42. Bd4 Nf4 43. Bg4 Be2 44. Bc8 Ne6 45. Be3 Bb5 46. Kb4 Kf7 47. Ka3 Kf6 48. f4 Kf5 49. Bf2 h3 50. Kb4 Kf6 51. Be3 Kf5 52. Bc1 Kf6 53. Bb2+ Kf7 54. Be5 Ke7 55. f5 Ng5 56. f6+ Kf7 57. Bg4 Kg6 58. Bd4 Bf1 59. Kxa4 Bg2 60. Ka5 Bf3 61. Bd7 Bd5 62. Kb6 Nf3 63. Bc3 Nxh2 64. Bxh3 Nf3 65. Bd7 Ng5 66. Bxc6 Be6 67. Be8+ Kf5 68. c6 1-0

[Event "57th Hoogovens it"]
[Site "Wijk aan Zee NED"]
[Date "1995.01.??"]
[Round "1.2"]
[White "Zapata Ramirez, Alonso"]
[Black "Van der Sterren, Paul"]
[Result "1-0"]
[WhiteElo "2565"]
[BlackElo "2605"]
[EventDate "1995.01.12"]
[PlyCount "79"]

1. e4 e5 2. Nf3 Nc6 3. Bb5 a6 4. Ba4 Nf6 5. O-O Be7 6. Re1 b5 7. Bb3 d6 8. a4 Bg4 9. c3 O-O 10. d3 Na5 11. Ba2 b4 12. Nbd2 Rb8 13. Nc4 Nxc4 14. Bxc4 bxc3 15. bxc3 a5 16. d4 exd4 17. cxd4 d5 18. exd5 Bb4 19. Re5 Nd7 20. Rg5 Nf6 21. h3 Bh5 22. Re5 Bc3 23. Ra3 Bxf3 24. gxf3 Bb2 25. Rb3 Bxc1 26. Qxc1 Rxb3 27. Bxb3 Qb8 28. Qc3 Rd8 29. d6 cxd6 30. Rxa5 d5 31. Rc5 g6 32. a5 Nh5 33. Rxd5 Nf4 34. Rxd8+ Qxd8 35. Qc5 Qf6 36. Qe5 Nxh3+ 37. Kh2 Qxf3 38. Qe8+ Kg7 39. Qxf7+ Qxf7 40. Bxf7 1-0

[Event "57th Hoogovens it"]
[Site "Wijk aan Zee NED"]
[Date "1995.01.??"]
[Round "1.3"]
[White "Zapata Ramirez, Alonso"]
[Black "Van der Sterren, Paul"]
[Result "1/2-1/2"]
[WhiteElo "2565"]
[BlackElo "2605"]
[EventDate "1995.01.12"]
[PlyCount "93"]

1. e4 e5 2. Nf3 Nc6 3. Bb5 a6 4. Ba4 Nf6 5. O-O Be7 6. Re1 b5 7. Bb3 d6 8. a4 Bg4 9. c3 O-O 10. h3 Bxf3 11. Qxf3 Na5 12. Bc2 b4 13. d3 Nd7 14. Nd2 Rb8 15. Nf1 bxc3 16. bxc3 Bg5 17. Ba3 Qf6 18. Qxf6 Nxf6 19. Rab1 Nd7 20. Ne3 Rxb1 21. Rxb1 Bxe3 22. fxe3 Rb8 23. Rxb8+ Nxb8 24. Kf2 f6 25. d4 Kf8 26. Bd3 Ke8 27. Ke2 Kd7 28. Kd2 Kc6 29. c4 Kd7 30. Kc3 Nb7 31. Be2 c5 32. Bg4+ Kc7 33. d5 a5 34. Bc1 Na6 35. Bd2 Nb4 36. h4 Kd8 37. Be1 Ke7 38. Bf5 g6 39. Bc8 Nd8 40. Kd2 Nf7 41. Ke2 h5 42. Kf3 Nh6 43. Be6 g5 44. Ke2 Kf8 45. Kf3 Ke7 46. Ke2 Kf8 47. Kf3 1/2-1/2

[Event "57th Hoogovens it"]
[Site "Wijk aan Zee NED"]
[Date "1995.01.??"]
[Round "1.4"]
[White "Van der Sterren, Paul"]
[Black "Zapata Ramirez, Alonso"]
[Result "1/2-1/2"]
[WhiteElo "2605"]
[BlackElo "2565"]
[EventDate "1995.01.12"]
[PlyCount "81"]

1. d4 Nf6 2. c4 g6 3. Nc3 Bg7 4. e4 O-O 5. Be3 d6 6. f3 Nc6 7. Nge2 a6 8. Qd2 Rb8 9. Nc1 e5 10. d5 Nd4 11. N1e2 c5 12. dxc6 Nxc6 13. Rd1 Be6 14. Nc1 Nd4 15. Nb3 Nxb3 16. axb3 b5 17. Qxd6 Qxd6 18. Rxd6 bxc4 19. Bxc4 Bxc4 20. bxc4 Rxb2 21. O-O Rc2 22. Rc1 Rxc1+ 23. Bxc1 Rc8 24. Rxa6 Nd7 25. Ra7 Nb6 26. Nd5 Bf8 27. Nxb6 Bc5+ 28. Kf1 Bxb6 29. Rb7 Rxc4 30. Bh6 Bc7 31. Ra7 f5 32. Ra8+ Kf7 33. Rf8+ Ke6 34. exf5+ gxf5 35. Bg5 f4 36. Rc8 Kd7 37. Rh8 Rc1+ 38. Ke2 Rc2+ 39. Kd3 Rxg2 40. Rxh7+ Ke6 41. Bxf4 1/2-1/2

[Event "57th Hoogovens it"]
[Site "Wijk aan Zee NED"]
[Date "1995.01.??"]
[Round "1.5"]
[White "Zapata Ramirez, Alonso"]
[Black "Van der Sterren, Paul"]
[Result "1-0"]
[WhiteElo "2565"]
[BlackElo "2605"]
[EventDate "1995.01.12"]
[PlyCount "41"]

1. e4 e5 2. Nf3 Nc6 3. Bb5 a6 4. Ba4 Nf6 5. O-O Be7 6. Re1 b5 7. Bb3 d6 8. c3 O-O 9. h3 Nb8 10. d3 Nbd7 11. Nbd2 Bb7 12. Nf1 Nc5 13. Bc2 Re8 14. Ng3 Bf8 15. b4 Ncd7 16. Bb3 h6 17. Nh4 Nxe4 18. Qh5 Nef6 19. Bxf7+ Kh8 20. Ng6+ Kh7 21. Qf5 1-0

[Event "57th Hoogovens it"]
[Site "Wijk aan Zee NED"]
[Date "1995.01.??"]
[Round "2.1"]
[White "Adams, Michael"]
[Black "Lutz, Christopher"]
[Result "1/2-1/2"]
[WhiteElo "2640"]
[BlackElo "2580"]
[EventDate "1995.01.12"]
[PlyCount "65"]

1. e4 c5 2. Nc3 Nc6 3. Nf3 d6 4. d4 cxd4 5. Nxd4 Nf6 6. Bg5 e6 7. Qd2 a6 8. O-O-O h6 9. Be3 Be7 10. f4 Bd7 11. Kb1 b5 12. Bd3 Qc7 13. Nf3 Ng4 14. Bg1 O-O 15. h3 Nf6 16. g4 b4 17. Ne2 d5 18. Ng3 dxe4 19. Nxe4 Nxe4 20. Bxe4 Rad8 21. Bh2 Bc8 22. Qe2 Rxd1+ 23. Rxd1 Rd8 24. Rf1 Nd4 25. Nxd4 Rxd4 26. Bg1 Rd8 27. Be3 Bb7 28. Bd3 a5 29. g5 g6 30. gxh6 Kh7 31. Rg1 Bf6 32. h4 Bxh4 33. Qg4 1/2-1/2

[Event "57th Hoogovens it"]
[Site "Wijk aan Zee NED"]
[Date "1995.01.??"]
[Round "2.2"]
[White "Lutz, Christopher"]
[Black "Adams, Michael"]
[Result "1/2-1/2"]
[WhiteElo "2580"]
[BlackElo "2640"]
[EventDate "1995.01.12"]
[PlyCount "68"]

1. d4 Nf6 2. Nf3 e6 3. c4 Bb4+ 4. Nbd2 d5 5. Qa4+ Nc6 6. e3 O-O 7. Bd3 Bd7 8. Qc2 dxc4 9. Qxc4 Bd6 10. O-O e5 11. dxe5 Nxe5 12. Nxe5 Bxe5 13. Nf3 Bd6 14. e4 Be6 15. Qc2 Ng4 16. e5 Nxe5 17. Nxe5 Bxe5 18. Bxh7+ Kh8 19. Be4 Bd5 20. Bxd5 Qxd5 21. Be3 Rfd8 22. Rfd1 Qe6 23. a3 b6 24. Bg5 Rxd1+ 25. Rxd1 c5 26. Be3 Kg8 27. g3 Bf6 28. b3 Re8 29. a4 g6 30. a5 Rc8 31. axb6 axb6 32. Qc4 Re8 33. Qxe6 Rxe6 34. Kg2 Rc6 1/2-1/2

[Event "57th Hoogovens it"]
[Site "Wijk aan Zee NED"]
[Date "1995.01.??"]
[Round "2.3"]
[White "Almasi, Zoltan"]
[Black "Khalifman, Alexander"]
[Result "1/2-1/2"]
[WhiteElo "2620"]
[BlackElo "2645"]
[EventDate "1995.01.12"]
[PlyCount "85"]

1. e4 c5 2. Nf3 Nc6 3. d4 cxd4 4. Nxd4 g6 5. c4 Nf6 6. Nc3 d6 7. Be2 Nxd4 8. Qxd4 Bg7 9. O-O O-O 10. Qd3 Bd7 11. Be3 a6 12. a4 a5 13. c5 dxc5 14. Bxc5 Bc6 15. Qe3 Qd7 16. f3 Qe6 17. Nb5 Bxb5 18. Bxb5 Nd7 19. Ba3 Ne5 20. Rac1 Rfd8 21. Kh1 Nc6 22. Qb6 Rab8 23. Bxc6 bxc6 24. Qxa5 Ra8 25. Qc7 Rdc8 26. Qxe7 Qxe7 27. Bxe7 Rxa4 28. Rc2 Ra2 29. Ba3 Ra8 30. Rxc6 Bxb2 31. Bc5 R2a6 32. Rxa6 Rxa6 33. Rb1 Ra1 34. Rxa1 Bxa1 35. Kg1 f5 36. Kf2 Be5 37. g3 fxe4 38. f4 Bf6 39. Ke3 Kf7 40. Kxe4 h5 41. Bd4 Be7 42. f5 Bg5 43. h3 1/2-1/2

[Event "57th Hoogovens it"]
[Site "Wijk aan Zee NED"]
[Date "1995.01.??"]
[Round "2.2"]
[White "Piket, Jeroen"]
[Black "Timman, Jan"]
[Result "1-0"]
[WhiteElo "2640"]
[BlackElo "2635"]
[EventDate "1995.01.12"]
[PlyCount "85"]

1. d4 e6 2. c4 f5 3. g3 Nf6 4. Bg2 d5 5. Nh3 Be7 6. O-O O-O 7. Qc2 c6 8. Nd2 Qe8 9. Nf3 Ne4 10. b3 Nd7 11. Nf4 Bd6 12. Nd3 Qh5 13. Nfe5 Nxe5 14. dxe5 Be7 15. f3 Nc5 16. Ba3 b6 17. Nxc5 bxc5 18. cxd5 cxd5 19. Bxc5 Qf7 20. Rac1 a5 21. Bxe7 Qxe7 22. Qc5 Rf7 23. Qxe7 Rxe7 24. Rc5 Rb7 25. e4 fxe4 26. fxe4 d4 27. Rfc1 Bd7 28. Bf1 a4 29. Bc4 axb3 30. Bxb3 Kf7 31. R1c4 d3 32. Rd4 Ke7 33. Rxd3 Ba4 34. Bc4 Raa7 35. Ra3 Bd1 36. Rxa7 Rxa7 37. Rc6 Bg4 38. Kf2 g5 39. Ke3 h5 40. h4 gxh4 41. gxh4 Bh3 42. Kd4 Kd7 43. Bb5 1-0

[Event "57th Hoogovens it"]
[Site "Wijk aan Zee NED"]
[Date "1995.01.??"]
[Round "2.3"]
[White "Timman, Jan"]
[Black "Piket, Jeroen"]
[Result "1/2-1/2"]
[WhiteElo "2635"]
[BlackElo "2640"]
[EventDate "1995.01.12"]
[PlyCount "106"]

1. Nf3 Nf6 2. d4 g6 3. Bg5 Bg7 4. c3 O-O 5. Nbd2 d5 6. e3 c6 7. Bd3 Bg4 8. h3 Bxf3 9. Nxf3 Nbd7 10. O-O Re8 11. Bf4 Qb6 12. Rb1 c5 13. Ne5 e6 14. Qa4 Red8 15. Bg5 Nxe5 16. dxe5 Nd7 17. Bxd8 Rxd8 18. Qb5 c4 19. Qxb6 axb6 20. Bc2 Bxe5 21. Rbd1 Ra8 22. a3 Nc5 23. g4 f5 24. Kg2 Kf7 25. Kf3 b5 26. Rg1 Nd7 27. Ke2 Nf6 28. gxf5 gxf5 29. Rg5 b4 30. f4 Bd6 31. axb4 Bf8 32. Rgg1 Ne8 33. Ra1 Rc8 34. Ra7 Nd6 35. Rga1 Re8 36. Ra8 Re7 37. Rd8 Rc7 38. Raa8 Be7 39. Rh8 Kg7 40. Rag8+ Kh6 41. h4 Bf6 42. Kf3 Bxh8 43. Rxh8 Kg7 44. Rd8 Nf7 45. Rb8 Nd6 46. Rd8 Nf7 47. Rb8 Kf6 48. Ba4 Nd6 49. Rd8 Ke7 50. Rg8 Kf6 51. Rd8 Ke7 52. Rg8 Kf6 53. Rd8 Ke7 1/2-1/2

[Event "57th Hoogovens it"]
[Site "Wijk aan Zee NED"]
[Date "1995.01.??"]
[Round "2.4"]
[White "Piket, Jeroen"]
[Black "Timman, Jan"]
[Result "1/2-1/2"]
[WhiteElo "2640"]
[BlackElo "2635"]
[EventDate "1995.01.12"]
[PlyCount "203"]

1. d4 Nf6 2. c4 e6 3. Nf3 d5 4. Nc3 Nbd7 5. cxd5 exd5 6. Qc2 c6 7. Bf4 Nh5 8. Bg3 Be7 9. e3 Nxg3 10. hxg3 Nf6 11. Bd3 h6 12. O-O-O Be6 13. Kb1 Qa5 14. Ne5 Ng4 15. Nxg4 Bxg4 16. f3 Be6 17. Bf5 Bxf5 18. Qxf5 g6 19. Qf4 h5 20. g4 h4 21. g5 Qd8 22. e4 Bd6 23. e5 Bb4 24. Ne2 Qd7 25. Nc1 h3 26. Nd3 Be7 27. gxh3 Rxh3 28. Nf2 Rxh1 29. Rxh1 Qe6 30. Rh8+ Bf8 31. Rh7 Be7 32. Ng4 O-O-O 33. Qxf7 Qxf7 34. Rxf7 Bxg5 35. f4 Bh4 36. Kc2 Re8 37. Kd3 Bd8 38. Rg7 Re6 39. Nf6 Bxf6 40. Rxg6 Bxe5 41. Rxe6 Bxf4 42. Re7 Bc7 43. Rf7 Bb6 44. Ke3 Bc7 45. Rh7 a6 46. b3 Bd6 47. Kf3 Bc7 48. Rh8+ Kd7 49. Rh7+ Kc8 50. Rh4 Bb6 51. Rf4 Bc7 52. Rf8+ Kd7 53. Rf7+ Kc8 54. Kg4 Bb6 55. Rf4 Kd7 56. Kf5 Kd6 57. Rg4 Kc7 58. Ke5 Ba5 59. Rg7+ Kc8 60. a3 Bc7+ 61. Ke6 Bf4 62. Rf7 Bg3 63. a4 Be1 64. Rf1 Bb4 65. Rh1 Kc7 66. Rb1 Kc8 67. Kf7 Kc7 68. Ke8 Bc3 69. Rd1 Kc8 70. Rd3 Bb4 71. Rf3 Kc7 72. Kf7 Kd7 73. Kf6 Kc7 74. Ke5 Kd7 75. Rf7+ Kc8 76. Kf4 Bd6+ 77. Ke3 Bb4 78. Kd3 Kb8 79. Rf1 Kc7 80. Rh1 Kc8 81. Ra1 Kc7 82. a5 Kc8 83. Ra4 Bd6 84. Kc3 Kd7 85. Ra1 Kc7 86. Rh1 Kc8 87. Rh7 Bc7 88. b4 Bd6 89. Kb3 Bf4 90. Rf7 Bd6 91. Rf6 Kc7 92. Rg6 Kd7 93. Rg7+ Kc8 94. Rh7 Bg3 95. Rh6 Kc7 96. Rh7+ Kc8 97. Rf7 Bd6 98. Rf6 Kc7 99. Rg6 Bf4 100. Kc3 Bd6 101. Rf6 Bg3 102. Kb3 1/2-1/2